Statistiques concernant Langue française: le jeu du dictionnaire #12

Cliquez ici pour prendre le quiz!

Statistiques générales

  • Ce quiz a été pris 234 fois
  • Le résultat moyen est 17 sur 20

Statistiques - réponses

CatégorieDéfinitionRéponse% Correct
NomSuidé dont la viande est répandue en charcuterie et en boucheriePorc
98%
NomOn y amarre les bâteauxPort
98%
AdjectifQui n'est pas négatifPositif
96%
NomReprésentation d'une personne sur une peinturePortrait
94%
VerbeRendre populairePopulariser
93%
NomMatériaux généralement blanc et fragile composant d'assiettes, entre autresPorcelaine
93%
NomPetit trou dans la peau par où s'écoule la sueurPore
93%
NomNavire qui transporte les avions militairesPorte-avion
89%
NomEnsemble des habitants d'une nationPopulation
88%
NomPetit animal piquantPorc-épic
81%
NomQuantité de nourriture serviePortion
81%
NomFenêtre publicitaire s'ouvrant automatiquement sur InternetPop-up
79%
AdjectifConçu pour pouvoir être transporté par quelqu'unPortable
78%
NomPlace précise occupée dans l'espace, ou manière de placer le corps pour un exercice,...Position
78%
NomHabitant de LisbonnePortugais
77%
NomBouillie sucrée anglaise de flocons d'avoinePorridge
75%
NomVin rouge des rives du DouroPorto
73%
NomEspace couvert en avant de l'entrée d'un édifice, d'un immeublePorche
72%
VerbePlacer sur quelqu'un ou quelque chosePoser
71%
NomGrande porte, parfois monumentalePortail
69%

Distribution des résultats

Percentile par nombre de réponses

% des personnes avec chaque résultat

Votre développement - résultats

Vous n’avez pas pris ce quiz